| 000 | 00838nam a22002417a 4500 | ||
|---|---|---|---|
| 999 |
_c20054 _d20054 |
||
| 003 | AR-CdUCM | ||
| 008 | 190525b ||||| |||| 00| 0 spa d | ||
| 040 |
_aMUNICIPALIDAD PROVINCIAL DEL CUSCO _cBIBLIOTECA MUNICIPAL DEL CUSCO |
||
| 082 |
_a108 / _bL53 |
||
| 100 |
_aLeucipo _941956 |
||
| 245 | _aFragmentos / | ||
| 260 |
_aMadrid : _bAguilar, _c1964. |
||
| 300 |
_a260 páginas ; _c17 cm. |
||
| 440 |
_aBiblioteca de iniciación filosófica _n91 _941957 |
||
| 505 | _aContenido :Cronología y contribuciones personales -- Leucipo -- Orígenes de la teoría atómica -- Democrito... | ||
| 650 |
_aTeoría atómica _941958 |
||
| 650 |
_aTeoría del conocimiento _914467 |
||
| 650 |
_a Fragmentos de Leucipo _941959 |
||
| 700 |
_aDemocrito _941960 |
||
| 700 |
_aRuiz Werner, Juan Martin _941961 |
||
| 942 |
_2ddc _cLIBROS |
||
| 945 | _arcc | ||